01317nam a2200313 a 4500001001100000003000800011006001900019007001500038008004100053010001700094020001500111040002100126035002000147050002600167082002000193100003200213245013800245260007000383300002200453504006500475533015200540650004500692651004900737655002900786700003100815710001700846856012500863999001500988ebr5006353CaPaEBRm u cr cn|||||||||980825s1999 enka sb 001 0 eng  z 98042341  z052165212X aCaPaEBRcCaPaEBR a(OCoLC)5679372014aHN932.W48bG48 1999eb04a305.5/099532211 aGewertz, Deborah B.,d1948-10aEmerging class in Papua New Guineah[electronic resource] :bthe telling of difference /cDeborah B. Gewertz, Frederick K. Errington. aCambridge, U.K. ;aNew York :bCambridge University Press,c1999. ax, 179 p. :bill. aIncludes bibliographical references (p. 163-172) and index. aElectronic reproduction.bPalo Alto, Calif. :cebrary,d2013.nAvailable via World Wide Web.nAccess may be limited to ebrary affiliated libraries. 0aSocial classeszPapua New GuineazWewak. 0aWewak (Papua New Guinea)xSocial conditions. 7aElectronic books.2local1 aErrington, Frederick Karl.2 aebrary, Inc.40uhttp://site.ebrary.com/lib/rucke/Doc?id=5006353zAn electronic book accessible through the World Wide Web; click to view c6654d6654